00772nam a2200205 a 450000100100000000500170001000800410002704000250006808200210009310000330011424500350014726000640018230000200024650000670026665000400033365000420037304900090041595201250042499900170054900001923420200929165946.0100528s1991 ag r 000 p spa d aDO-SdBNPbspacBNPHU aA861.44bN234ó1 aNarral, Pablo,d1957-94138610aOscura tierra /cPablo Narral. aBuenos Aires, Argentina :bEdiciones Último Reino,c1991. a48 p. ;c20 cm. aIncluye referencia biográfica del autor en la contracubierta 4aPoesía argentinaySIGLO XX941387 4aLiteratura argentinaySIGLO XX914711 aBNGR 001054708MOaGRbGRcCTd2010-05-28iLF1l0oA861.44 N234óp19234-10r2020-06-25w2020-06-25y4ZPréstamo en sala c18752d18752